| 000 | 01247nam a2200349 i 4500 | ||
|---|---|---|---|
| 999 |
_c28373 _d28344 |
||
| 001 | 018219983 | ||
| 003 | EG-ScBUE | ||
| 005 | 20200319100058.0 | ||
| 008 | 160802t2017 ilua f b 001 0 eng d | ||
| 020 | _a9780867157222 | ||
| 035 | _a(DNLM)101689787 | ||
| 040 |
_aDNLM/DLC _beng _erda _cDLC _dDLC _dUk _dEG-ScBUE |
||
| 041 | 0 |
_aeng _beng |
|
| 082 | 0 | 4 |
_a779.96176 _bSHE _222 |
| 100 | 1 |
_aSheridan, Peter, _d1945- _eauthor. |
|
| 245 | 1 | 0 |
_aClinical photography in dentistry : _ba new perspective / _cPeter Sheridan, AM, BDS, MDS, FICD, clinical lecturer, Faculty of Dentistry, University of Sydney. |
| 264 | 1 |
_aChicago : _bQuintessence Publishing USA, _c[2017] |
|
| 264 | 4 | _cc2017 | |
| 300 |
_aix, 222 pages : _billustrations ; _c29 cm |
||
| 336 |
_atext _2rdacontent _btxt |
||
| 337 |
_aunmediated _2rdamedia _bn |
||
| 338 |
_avolume _2rdacarrier _bnc |
||
| 504 | _aIncludes bibliographical references and index. | ||
| 546 | _aIn English; summary in English. | ||
| 650 | 7 |
_aDental photography. _2BUEsh |
|
| 650 | 7 |
_aPhotography, Dental _xinstrumentation. _2BUEsh |
|
| 650 | 7 |
_aDentistry _xmethods. _2BUEsh |
|
| 653 |
_bDDENT _cMarch2020 |
||
| 655 |
_vReading book _934232 |
||
| 942 |
_2ddc _cBB |
||